| 000 | 00711nam a2200205 i 4500 | ||
|---|---|---|---|
| 001 | 49021 | ||
| 003 | ES-MaACL | ||
| 007 | t| | ||
| 008 | 030704s1983 sp ||||1| spa d | ||
| 100 | 0 |
_aPorpetta, Antonio, _d1936-2023 _993136 |
|
| 245 | 1 | 0 |
_aCarolina Coronado _b: (apunte biográfico y antología) / _cAntonio Porpetta, Luzmaría Jiménez Faro. |
| 250 | _a1ª ed. | ||
| 260 |
_aMadrid : _bTorremozas, _c1983. |
||
| 300 |
_a106 p. ; _c17 cm. |
||
| 490 | 1 |
_aColección de poesía de mujeres ; _v3 |
|
| 700 | 0 |
_aJiménez Faro, Luzmaría, _d1937-2015 _966520 |
|
| 830 | 0 | 0 |
_aColección Torremozas de poesía de mujeres _v3 _9177494 |
| 852 |
_aES-MaACL _jL-5410 _bR.105846 |
||
| 999 |
_c49021 _d49021 |
||